000 00605cas a22002055a 4500
001 L138572
008 070621c19872000xxkmr p 0 a0eng u
022 1 _a1361-7583
035 _a(Sirsi) u138572
041 0 _aeng
245 0 0 _aMapping Awareness
260 _aGodmanchester
_bGeoTech Media Group
_c1987-2000
362 0 _a9(1) February 1995-13(11) December 1999/January 2000
554 _a12 per year
651 4 _aUnited Kingdom
_y
651 4 _aIreland (Republic of)
_y
690 _aENVIRONMENTAL AND LAND CONSULTANCY-GEOMATICS-LAND SURVEYING
785 0 0 _tGEOEurope
_x0926-3403
942 _n0
999 _c118997
_d118997